Iles de Russie - Statistiques

Statistiques générales
  • Ce quiz a été pris 16 fois
  • Le résultat moyen est 3 sur 13
Statistiques - réponses
Taille (km²) Ile % Correct
76 400 Sakhaline
100%
11 312 Île Bolchevique
17%
14 170 Île de la Révolution-d'Octobre
17%
33 275 Île Ioujny
17%
9 006 Île Komsomolets
17%
23 165 Île Kotelny
17%
48 904 Île Severny
17%
4 600 Grande Liakhov
8%
6 200 Île de Nouvelle-Sibérie
8%
3 383 Île Vaïgatch
8%
7 850 Île Wrangel
8%
3 139 Itouroup
8%
3 200 Kolgouïev
8%
Aucun quiz correspondant
Distribution des résultats
% des personnes avec chaque résultat
Percentile par nombre de réponses
Votre historique - résultats
Vous n’avez pas pris ce quiz